header

Hanging out (Record no. 22570)

MARC details
000 -LEADER
fixed length control field 01356nam a22003374a 4500
082 04 - DEWEY DECIMAL CLASSIFICATION NUMBER
Classification number 371.19
245 00 - TITLE STATEMENT
Title Hanging out
260 ## - PUBLICATION, DISTRIBUTION, ETC. (IMPRINT)
Place of publication Westport, Conn. :
Name of publisher Bergin & Garvey,
Year of publication 2002.
300 ## - PHYSICAL DESCRIPTION
Number of Pages ix, 186 p.
650 #0 - SUBJECT ADDED ENTRY--TOPICAL TERM
Topical Term Student activities
Topical Term Students
Topical Term Community and school
700 1# - ADDED ENTRY--PERSONAL NAME
Personal name Garner, Ruth.
Personal name Zhao, Yong,
Personal name Gillingham, Mark G.
856 40 - ELECTRONIC LOCATION AND ACCESS
Uniform Resource Identifier http://site.ebrary.com/lib/rucke/Doc?id=10023312

No items available.

© 2026 Rongo University
Contact us: librarian | system librarian | Rongo university